[Event "FBL S"]
[Site "Deutschland"]
[Date "2009.11.07"]
[Round "1.3"]
[White "Krasnopeyeva, Julia"]
[Black "Horvath, Maria"]
[Result "0-1"]
[WhiteElo "1934"]
[BlackElo "2001"]
[PlyCount "120"]
[EventDate "2009.11.07"]
[EventType "team"]
[EventCountry "GER"]
[WhiteTeam "TSV Schott Mainz"]
[BlackTeam "Schachges. Augsburg 1873"]

1. e4 e6 2. d4 d5 3. Nc3 Nf6 4. Bg5 Be7 5. e5 Nfd7 6. h4 O-O 7. Bd3 c5 8. Nb5
Nc6 9. c3 a6 10. Nd6 cxd4 11. cxd4 Qa5+ 12. Kf1 Bxd6 13. exd6 Qb4 14. Nf3 Qxd6
15. Rh3 e5 16. dxe5 Ndxe5 17. Rg3 Nxd3 18. Qxd3 Re8 19. Rd1 Bd7 20. Qc3 Qb4 21.
Qc1 Qb5+ 22. Kg1 Re6 23. Bh6 Rg6 24. Bg5 h5 25. Qd2 Be6 26. Ne1 f6 27. Rb3 Qc4
28. Rc1 Qe4 29. Re3 Qf5 30. Rf3 Qg4 31. Rg3 Qd4 32. Rd3 Qa4 33. Ra3 Qd4 34. Rd3
Qb6 35. Be3 Qd8 36. Qe2 Bf7 37. g3 Qe7 38. Qd2 Ne5 39. Bc5 Qe6 40. Rb3 Qh3 41.
Ng2 Ng4 42. Nf4 Qh2+ 43. Kf1 Re8 44. Re3 Nxe3+ 45. Bxe3 Rg4 46. Rc7 b5 47. Rd7
Qh1+ 48. Ke2 d4 49. Qxd4 Bxa2 50. Rd8 Bc4+ 51. Kd2 Qc6 52. Rxe8+ Qxe8 53. Qc5
Bf7 54. Qd6 a5 55. Bb6 a4 56. Bc5 Bc4 57. Be3 Qe5 58. Qd8+ Kh7 59. Bd4 Qf5 60.
Qe7 Rxf4 0-1

[Event "FBL S"]
[Site "Deutschland"]
[Date "2009.11.07"]
[Round "1.4"]
[White "Baumstark, Gertrude"]
[Black "Voss, Chantal"]
[Result "1/2-1/2"]
[WhiteElo "2036"]
[BlackElo "1868"]
[PlyCount "49"]
[EventDate "2009.11.07"]
[EventType "team"]
[EventCountry "GER"]
[WhiteTeam "Schachges. Augsburg 1873"]
[BlackTeam "TSV Schott Mainz"]

1. e4 e6 2. d4 d5 3. Nd2 Nf6 4. e5 Nfd7 5. Bd3 c5 6. c3 Nc6 7. Ne2 Be7 8. O-O
Qb6 9. Nf3 cxd4 10. cxd4 O-O 11. Nc3 f6 12. exf6 Nxf6 13. Bf4 Ne4 14. Qc1 Nd6
15. Qe3 Nf5 16. Bxf5 Rxf5 17. a4 a6 18. Ne2 Bd7 19. Ng3 Rff8 20. Bg5 Bd6 21.
Ne2 Rae8 22. Bf4 e5 23. dxe5 Qxe3 24. fxe3 Nxe5 25. Nxe5 1/2-1/2

[Event "FBL S"]
[Site "Deutschland"]
[Date "2009.11.07"]
[Round "1.5"]
[White "Voss, Janine"]
[Black "Specht, Maria"]
[Result "0-1"]
[WhiteElo "1820"]
[BlackElo "1936"]
[PlyCount "82"]
[EventDate "2009.11.07"]
[EventType "team"]
[EventCountry "GER"]
[WhiteTeam "TSV Schott Mainz"]
[BlackTeam "Schachges. Augsburg 1873"]

1. e4 c5 2. Nf3 d6 3. d4 cxd4 4. Nxd4 Nf6 5. Nc3 g6 6. Be3 a6 7. a4 b6 8. Be2
Bb7 9. Bf3 Nbd7 10. g3 Bg7 11. O-O Qc8 12. Bg2 Ne5 13. f4 Nc4 14. Bc1 e5 15.
Nde2 Qc5+ 16. Kh1 Ng4 17. Nd5 Bxd5 18. Qxd5 Qxd5 19. exd5 Nce3 20. Bxe3 Nxe3
21. Rf3 Nxc2 22. Rc1 Nb4 23. Rfc3 O-O 24. Rc7 exf4 25. Nxf4 Rfe8 26. Bf3 Bd4
27. Bg4 Be3 28. R1c4 Bc5 29. Kg2 Re5 30. Bf3 g5 31. Nh5 g4 32. Rxg4+ Kh8 33.
Rg7 Rxh5 34. Rgxf7 Rh6 35. Be4 Re8 36. g4 Bd4 37. h3 Bxb2 38. g5 Rh4 39. g6
Rhxe4 40. Rxh7+ Kg8 41. h4 Nxd5 0-1

[Event "FBL S"]
[Site "Deutschland"]
[Date "2009.11.07"]
[Round "1.6"]
[White "Lorenz, Oda"]
[Black "Zemke, Christine"]
[Result "1/2-1/2"]
[WhiteElo "1877"]
[BlackElo "1760"]
[PlyCount "80"]
[EventDate "2009.11.07"]
[EventType "team"]
[EventCountry "GER"]
[WhiteTeam "Schachges. Augsburg 1873"]
[BlackTeam "TSV Schott Mainz"]

1. e4 d5 2. exd5 Qxd5 3. Nc3 Qd8 4. Nf3 Nf6 5. h3 g6 6. Bc4 e6 7. d3 Bg7 8. Bg5
h6 9. Bh4 g5 10. Bg3 a6 11. Qe2 Nc6 12. O-O-O Nh5 13. Be5 Nxe5 14. Nxe5 Nf4 15.
Qe4 Qd6 16. d4 c6 17. Bb3 Nd5 18. Nxd5 cxd5 19. Qe2 Bxe5 20. dxe5 Qe7 21. Rhe1
Bd7 22. Qf3 Rc8 23. Re3 Bc6 24. Qf6 Qxf6 25. exf6 Kf8 26. Rc3 Rg8 27. Rdd3 Rg6
28. Rf3 Rd8 29. Rcd3 d4 30. Rg3 Be4 31. Rd2 Rxf6 32. c3 e5 33. Rg4 Bf5 34. Rg3
Be4 35. cxd4 exd4 36. Rg4 Rc8+ 37. Kd1 Bc6 38. f3 Rd6 39. Rgxd4 Rxd4 40. Rxd4
Ke7 1/2-1/2

[Event "FBL S"]
[Site "Deutschland"]
[Date "2009.11.08"]
[Round "2.1"]
[White "Ankerst, Milka"]
[Black "Endress, Anna"]
[Result "1/2-1/2"]
[WhiteElo "2134"]
[BlackElo "2090"]
[PlyCount "108"]
[EventDate "2009.11.07"]
[EventType "team"]
[EventCountry "GER"]
[WhiteTeam "FC Bayern München"]
[BlackTeam "TSV Schott Mainz"]

1. e4 c5 2. Nf3 e6 3. d4 cxd4 4. Nxd4 a6 5. Bd3 Bc5 6. Nb3 Be7 7. c4 Nc6 8. Nc3
Ne5 9. Be2 Qc7 10. Nd2 b6 11. O-O d6 12. f4 Nd7 13. Bd3 Ngf6 14. Qe2 Bb7 15.
Bc2 Rc8 16. Kh1 O-O 17. a4 Nb8 18. b3 Nc6 19. Nf3 Nb4 20. Bb2 d5 21. e5 Nd7 22.
cxd5 Nxd5 23. Nxd5 Bxd5 24. Rac1 Qb7 25. Nd2 a5 26. Be4 Nc5 27. Bc2 Rfd8 28. f5
Bxg2+ 29. Qxg2 Qxg2+ 30. Kxg2 Rxd2+ 31. Rf2 Rxf2+ 32. Kxf2 exf5 33. Bxf5 Rd8
34. Bc3 Nxb3 35. Rb1 Nc5 36. Bc2 Nd3+ 37. Kf3 Bb4 38. Bxb4 Nxb4 39. Be4 g6 40.
Rc1 Rd2 41. Rc8+ Kg7 42. Rc7 Kf8 43. h3 Ra2 44. e6 fxe6 45. Rxh7 Rxa4 46. Bxg6
Nd5 47. h4 Ra3+ 48. Kf2 a4 49. h5 Rh3 50. h6 a3 51. Rf7+ Kg8 52. Rg7+ Kh8 53.
Rh7+ Kg8 54. Rg7+ Kh8 1/2-1/2

[Event "FBL S"]
[Site "Deutschland"]
[Date "2009.11.08"]
[Round "2.2"]
[White "Frey, Alisa"]
[Black "Dirmeier, Carolin"]
[Result "1-0"]
[WhiteElo "2038"]
[BlackElo "2030"]
[PlyCount "151"]
[EventDate "2009.11.07"]
[EventType "team"]
[EventCountry "GER"]
[WhiteTeam "TSV Schott Mainz"]
[BlackTeam "FC Bayern München"]

1. e4 c5 2. Nf3 Nc6 3. d4 cxd4 4. Nxd4 Nf6 5. Nc3 e5 6. Ndb5 d6 7. Bg5 a6 8.
Na3 b5 9. Nd5 Be7 10. Bxf6 Bxf6 11. c3 O-O 12. Nc2 Bg5 13. a4 bxa4 14. Rxa4 a5
15. Bc4 Rb8 16. Ra2 Kh8 17. h4 Bh6 18. g4 f6 19. b3 g6 20. Qe2 f5 21. g5 Bg7
22. Nce3 fxe4 23. Ng4 Be6 24. Qxe4 Ne7 25. Ngf6 Bf5 26. Qe2 e4 27. Qe3 Nc6 28.
h5 Bxf6 29. Nxf6 Rxf6 30. gxf6 Qxf6 31. h6 Qe5 32. Rd2 Bg4 33. Qg3 Qxg3 34.
fxg3 Ne5 35. Rxd6 Nxc4 36. bxc4 Kg8 37. O-O Bf3 38. Rd2 e3 39. Ra2 e2 40. Re1
Rc8 41. Rxa5 Rxc4 42. Ra3 g5 43. Kf2 g4 44. Rb1 Rc7 45. Rc1 Rd7 46. Re1 Rd3 47.
Ra7 Rxc3 48. Rg7+ Kh8 49. Rb1 Rc8 50. Rc7 Rd8 51. Rd7 Rc8 52. Rc1 Rf8 53. Rf7
Re8 54. Re7 Rf8 55. Rcc7 Bd5+ 56. Kxe2 Bg8 57. Rg7 Bc4+ 58. Ke3 Bg8 59. Rxg4
Rf6 60. Rh4 Rg6 61. g4 Ba2 62. Kf4 Bb3 63. g5 Ba2 64. Rh2 Bg8 65. Re2 Bb3 66.
Ree7 Bg8 67. Kf5 Rb6 68. Rb7 Ra6 69. Ra7 Rb6 70. Re5 Rg6 71. Rae7 Rb6 72. Rg7
Be6+ 73. Rxe6 Rb5+ 74. Kf6 Rf5+ 75. Ke7 Rxg5 76. Rf7 1-0

[Event "FBL S"]
[Site "Deutschland"]
[Date "2009.11.08"]
[Round "2.3"]
[White "Spiel, Marianne"]
[Black "Krasnopeyeva, Julia"]
[Result "1-0"]
[WhiteElo "2035"]
[BlackElo "1934"]
[PlyCount "47"]
[EventDate "2009.11.07"]
[EventType "team"]
[EventCountry "GER"]
[WhiteTeam "FC Bayern München"]
[BlackTeam "TSV Schott Mainz"]

1. e4 e6 2. d4 d5 3. Nd2 a6 4. Ngf3 c5 5. c3 Nc6 6. Bd3 c4 7. Bc2 b5 8. O-O Bd6
9. Re1 Nge7 10. e5 Bb8 11. Ng5 h6 12. Nh3 Ra7 13. Qg4 g6 14. Nf3 Kd7 15. b3 a5
16. bxc4 dxc4 17. Rb1 b4 18. Nf4 Nf5 19. d5 exd5 20. Bxf5+ gxf5 21. Qxf5+ Ke8
22. e6 Bxf4 23. exf7+ Kf8 24. Re8+ 1-0

[Event "FBL S"]
[Site "Deutschland"]
[Date "2009.11.08"]
[Round "2.4"]
[White "Voss, Chantal"]
[Black "Renner, Gabriele"]
[Result "0-1"]
[WhiteElo "1868"]
[BlackElo "1988"]
[PlyCount "72"]
[EventDate "2009.11.07"]
[EventType "team"]
[EventCountry "GER"]
[WhiteTeam "TSV Schott Mainz"]
[BlackTeam "FC Bayern München"]

1. d4 d5 2. c4 e6 3. Nf3 Be7 4. g3 c6 5. Qc2 Nf6 6. Bg2 Nbd7 7. Nbd2 Qc7 8. b3
O-O 9. O-O Re8 10. Bb2 b6 11. Ne5 Bb7 12. f4 c5 13. e3 dxc4 14. Bxb7 cxb3 15.
Qxb3 Qxb7 16. f5 Nf8 17. fxe6 Nxe6 18. Nxf7 Kxf7 19. Nf3 Qd5 20. Qxd5 Nxd5 21.
Ng5+ Kg8 22. Nxe6 Bf6 23. e4 Rxe6 24. exd5 Re2 25. Bc3 Rc2 26. Rxf6 gxf6 27.
Be1 cxd4 28. Rd1 Re8 29. Bf2 Kf7 30. Bxd4 Ree2 31. a3 Red2 32. Rxd2 Rxd2 33.
Be3 Rxd5 34. Kf2 Rd3 35. Bc1 Rc3 36. Be3 Rxa3 0-1

[Event "FBL S"]
[Site "Deutschland"]
[Date "2009.11.08"]
[Round "2.5"]
[White "Roos, Karin"]
[Black "Voss, Janine"]
[Result "1/2-1/2"]
[WhiteElo "1864"]
[BlackElo "1820"]
[PlyCount "141"]
[EventDate "2009.11.07"]
[EventType "team"]
[EventCountry "GER"]
[WhiteTeam "FC Bayern München"]
[BlackTeam "TSV Schott Mainz"]

1. e4 c5 2. c3 d5 3. exd5 Qxd5 4. Nf3 Nf6 5. d4 e6 6. Na3 Nc6 7. Nb5 Qd8 8. Bf4
Nd5 9. Bg3 a6 10. Na3 Be7 11. Be2 O-O 12. Nc2 b6 13. O-O Bb7 14. Re1 Rc8 15.
Ne5 Bf6 16. Nxc6 Rxc6 17. c4 Ne7 18. Bf3 cxd4 19. Bxc6 Nxc6 20. Qd3 Qe7 21.
Rad1 Rd8 22. a3 e5 23. f3 Qd7 24. b4 g6 25. b5 axb5 26. cxb5 Na5 27. Nb4 Qe6
28. Rc1 Nb3 29. Rb1 Nc5 30. Qd2 e4 31. fxe4 Nxe4 32. Qf4 Bg5 33. Qc7 Ba8 34.
Bf4 Rc8 35. Qe5 Qxe5 36. Bxe5 Be3+ 37. Rxe3 dxe3 38. Re1 e2 39. h3 Nc3 40. Kf2
Nxb5 41. Bb2 Re8 42. Nd3 Nd6 43. Nf4 Nc4 44. Bc1 Bc6 45. Nxe2 f5 46. Rd1 Ra8
47. Rd3 Be4 48. Rc3 Ne5 49. g3 Nd3+ 50. Ke3 Nxc1 51. Nxc1 Rd8 52. Ne2 Kf7 53.
Nd4 Kf6 54. Rb3 Rd6 55. Nb5 Re6 56. Nd4 Bd5+ 57. Nxe6 Bxb3 58. Nf8 Kg7 59. Nd7
b5 60. Kf4 h6 61. h4 Bc2 62. Ne5 Kf6 63. Nc6 g5+ 64. hxg5+ hxg5+ 65. Ke3 Bb3
66. Nd4 Bc4 67. Nc6 Ke6 68. Nd4+ Kf6 69. Nc6 Ke6 70. Nd4+ Kf6 71. Nc6 1/2-1/2

[Event "FBL S"]
[Site "Deutschland"]
[Date "2009.11.08"]
[Round "2.6"]
[White "Zemke, Christine"]
[Black "Heyne, Regina"]
[Result "0-1"]
[WhiteElo "1760"]
[BlackElo "1783"]
[PlyCount "44"]
[EventDate "2009.11.07"]
[EventType "team"]
[EventCountry "GER"]
[WhiteTeam "TSV Schott Mainz"]
[BlackTeam "FC Bayern München"]

1. d4 d5 2. e3 Nf6 3. Bd3 e6 4. Nd2 Bd6 5. f4 O-O 6. Ngf3 c5 7. c3 Nc6 8. Ne5
Qc7 9. Qf3 b6 10. g4 Ne8 11. g5 Bb7 12. Qh5 g6 13. Qg4 f5 14. gxf6 Nxf6 15.
Qxe6+ Kg7 16. Rg1 Bc8 17. Bxg6 Bxe6 18. Bf7+ Kh8 19. Bxe6 Bxe5 20. fxe5 Nxe5
21. Ke2 Nc4 22. Nxc4 Qxh2+ 0-1

[Event "FBL S"]
[Site "Deutschland"]
[Date "2009.11.08"]
[Round "2.1"]
[White "Rieseler, Caroline"]
[Black "Manakov, Marina"]
[Result "0-1"]
[WhiteElo "2066"]
[BlackElo "2330"]
[PlyCount "76"]
[EventDate "2009.11.07"]
[EventType "team"]
[EventCountry "GER"]
[WhiteTeam "SV 1920 Hofheim"]
[BlackTeam "SF Deizisau"]

1. e4 d5 2. exd5 Qxd5 3. Nc3 Qa5 4. d4 Nf6 5. Bd2 c6 6. Bc4 Qc7 7. Nf3 Bg4 8.
h3 Bh5 9. g4 Bg6 10. Ne5 e6 11. Qe2 Nbd7 12. Nxg6 hxg6 13. g5 Nh5 14. d5 cxd5
15. Nxd5 Qe5 16. Qxe5 Nxe5 17. Bb5+ Kd8 18. Ba5+ Kc8 19. O-O-O exd5 20. Rxd5
Nc6 21. Rhd1 Be7 22. Bxc6 bxc6 23. Rd7 Bxg5+ 24. Kb1 Bf4 25. Rxf7 Rb8 26. Rdd7
Rb5 27. Rxa7 Bb8 28. Ra6 Be5 29. b3 Rb7 30. Rxc6+ Kb8 31. Rxb7+ Kxb7 32. Rxg6
Nf4 33. Rb6+ Ka7 34. Rb5 Bf6 35. c4 Rxh3 36. Bb6+ Ka8 37. c5 Rc3 38. Ba5 Ne2
0-1

[Event "FBL S"]
[Site "Deutschland"]
[Date "2009.11.08"]
[Round "2.2"]
[White "Meier, Annemarie Sylvia"]
[Black "Heymann Lobzhanidze, Anna Luise"]
[Result "1/2-1/2"]
[WhiteElo "2259"]
[BlackElo "2085"]
[PlyCount "75"]
[EventDate "2009.11.07"]
[EventType "team"]
[EventCountry "GER"]
[WhiteTeam "SF Deizisau"]
[BlackTeam "SV 1920 Hofheim"]

1. c4 Nf6 2. Nc3 g6 3. g3 Bg7 4. Bg2 d6 5. e4 O-O 6. Nge2 e5 7. O-O Nc6 8. d3
Nh5 9. Nd5 Ne7 10. Bg5 f6 11. Be3 c6 12. Nxe7+ Qxe7 13. Nc3 Be6 14. h3 Qe8 15.
c5 f5 16. exf5 gxf5 17. cxd6 f4 18. g4 fxe3 19. gxh5 exf2+ 20. Rxf2 Rxf2 21.
Kxf2 Qd7 22. Ne4 Rf8+ 23. Ke2 Bh6 24. Qh1 Rf4 25. Rf1 Kf7 26. b3 Bf5 27. Rxf4
Bxf4 28. Qg1 b6 29. h4 Bg4+ 30. Ke1 Bxh5 31. Qf2 Bg6 32. Qf3 Bxe4 33. Qxe4 Qxd6
34. Qxh7+ Kf8 35. Qh8+ Ke7 36. Qg7+ Kd8 37. Qg8+ Ke7 38. Qg7+ 1/2-1/2

[Event "FBL S"]
[Site "Deutschland"]
[Date "2009.11.08"]
[Round "2.3"]
[White "Zahn, Nicol"]
[Black "Gheng, Simona"]
[Result "1/2-1/2"]
[WhiteElo "1960"]
[BlackElo "2017"]
[PlyCount "66"]
[EventDate "2009.11.07"]
[EventType "team"]
[EventCountry "GER"]
[WhiteTeam "SV 1920 Hofheim"]
[BlackTeam "SF Deizisau"]

1. e4 c5 2. Nf3 d6 3. Bb5+ Nc6 4. O-O Bd7 5. Re1 e5 6. c3 a6 7. Bf1 Nf6 8. d4
Be7 9. d5 Na7 10. a4 b5 11. axb5 axb5 12. b4 c4 13. h3 Qb8 14. Bg5 Nc8 15. Nbd2
O-O 16. Qc2 Nb6 17. Rec1 Qb7 18. Qd1 h6 19. Be3 Na4 20. Rc2 Ra6 21. Qc1 Rfa8
22. Rca2 Kh7 23. Ra3 Bd8 24. Be2 Bb6 25. Bxb6 Nxb6 26. Nh2 R8a7 27. Nhf1 Qa8
28. Rxa6 Rxa6 29. Rxa6 Qxa6 30. Qb2 Ne8 31. Ne3 Nc7 32. g4 g6 33. Kg2 f5
1/2-1/2

[Event "FBL S"]
[Site "Deutschland"]
[Date "2009.11.08"]
[Round "2.4"]
[White "Schaefer, Daniela"]
[Black "Froehlich Dill, Astrid"]
[Result "1-0"]
[WhiteElo "1920"]
[BlackElo "1922"]
[PlyCount "83"]
[EventDate "2009.11.07"]
[EventType "team"]
[EventCountry "GER"]
[WhiteTeam "SF Deizisau"]
[BlackTeam "SV 1920 Hofheim"]

1. e4 c5 2. Nf3 Nc6 3. Bb5 e6 4. O-O Nge7 5. d3 Qc7 6. Nc3 a6 7. Bxc6 Nxc6 8.
Re1 Bd6 9. h3 O-O 10. Be3 b5 11. Qd2 f5 12. exf5 exf5 13. Nd5 Qb8 14. Bg5 Ne5
15. Nxe5 Bxe5 16. Be7 Bb7 17. Bxf8 Bxd5 18. Bxc5 Qc7 19. d4 Bf4 20. Qd3 g6 21.
b3 d6 22. Bb4 Qc6 23. f3 Bg3 24. Re2 a5 25. Be1 Bf4 26. a4 b4 27. Qb5 Qxb5 28.
axb5 Kf7 29. Kf2 Bg5 30. c4 bxc3 31. Bxc3 Bxb3 32. Rxa5 Rxa5 33. Bxa5 Bc4 34.
Rb2 Bd5 35. Rc2 Ke6 36. Rc7 h5 37. Ra7 f4 38. b6 Bf6 39. Bc3 Bd8 40. b7 Bc7 41.
Ra8 Bxb7 42. Ra7 1-0

[Event "FBL S"]
[Site "Deutschland"]
[Date "2009.11.08"]
[Round "2.5"]
[White "Storkebaum, Ulrike"]
[Black "Gheng, Hannelore"]
[Result "0-1"]
[WhiteElo "1898"]
[BlackElo "1654"]
[PlyCount "48"]
[EventDate "2009.11.07"]
[EventType "team"]
[EventCountry "GER"]
[WhiteTeam "SV 1920 Hofheim"]
[BlackTeam "SF Deizisau"]

1. e4 c5 2. Nf3 d6 3. d4 cxd4 4. Nxd4 Nf6 5. Nc3 g6 6. Bc4 Bg7 7. f3 O-O 8. Be3
Nc6 9. Qd2 Bd7 10. O-O-O Rc8 11. Bb3 Ne5 12. Kb1 Nc4 13. Bxc4 Rxc4 14. b3 Rc5
15. Nde2 Ra5 16. Nd5 Nxd5 17. exd5 Qc7 18. c4 Bf5+ 19. Kc1 b5 20. c5 dxc5 21.
g4 Qe5 22. Bd4 cxd4 23. gxf5 Rc8+ 24. Kb1 d3 0-1

[Event "FBL S"]
[Site "Deutschland"]
[Date "2009.11.08"]
[Round "2.2"]
[White "Dietzen, Corinna"]
[Black "Barpiyeva, Gulsana"]
[Result "0-1"]
[WhiteElo "1980"]
[BlackElo "2126"]
[PlyCount "50"]
[EventDate "2009.11.07"]
[EventType "team"]
[EventCountry "GER"]
[WhiteTeam "SF Wadgassen/Differten"]
[BlackTeam "Schachges. Augsburg 1873"]

1. e4 c5 2. c3 Nf6 3. e5 Nd5 4. d4 d6 5. Nf3 e6 6. Bg5 Be7 7. Bxe7 Qxe7 8. Be2
Nc6 9. O-O O-O 10. dxc5 dxe5 11. b4 e4 12. Nd4 e5 13. Nxc6 bxc6 14. Bc4 Nf4 15.
Qe1 Bf5 16. Nd2 Qg5 17. g3 Qg6 18. f3 exf3 19. Nxf3 Nh3+ 20. Kg2 Qg4 21. Qe3
Qxc4 22. Nxe5 Qd5+ 23. Nf3 Rae8 24. Qd4 Re2+ 25. Kh1 Be4 0-1

[Event "FBL S"]
[Site "Deutschland"]
[Date "2009.11.08"]
[Round "2.3"]
[White "Horvath, Maria"]
[Black "Mueller, Elke"]
[Result "1-0"]
[WhiteElo "2001"]
[BlackElo "1992"]
[PlyCount "85"]
[EventDate "2009.11.07"]
[EventType "team"]
[EventCountry "GER"]
[WhiteTeam "Schachges. Augsburg 1873"]
[BlackTeam "SF Wadgassen/Differten"]

1. d4 d5 2. c4 dxc4 3. Nf3 Nf6 4. e3 Be6 5. Nc3 c6 6. a4 Nd5 7. a5 Nxc3 8. bxc3
Bd5 9. Ne5 Nd7 10. Nxc4 g6 11. f3 Bg7 12. e4 Be6 13. Ne3 Qc7 14. Be2 O-O 15.
O-O f5 16. exf5 Bxf5 17. Nxf5 Rxf5 18. Bc4+ Kh8 19. Be6 Rh5 20. h3 Nf6 21. a6
b6 22. Bd2 Qd6 23. Qb3 Rb5 24. Qa2 Rd8 25. Bc4 Rh5 26. f4 Ne4 27. Be1 Ra5 28.
Qb2 Rxa1 29. Qxa1 c5 30. Qb1 Bxd4+ 31. cxd4 Qxd4+ 32. Kh2 Qxc4 33. Bh4 Nf6 34.
Qe1 Qf7 35. f5 Rd4 36. fxg6 hxg6 37. Bg3 Re4 38. Qxe4 Kh7 39. Qh4+ Kg8 40. Be5
Qe6 41. Bxf6 exf6 42. Rxf6 Qe5+ 43. Qf4 1-0

[Event "FBL S"]
[Site "Deutschland"]
[Date "2009.11.08"]
[Round "2.4"]
[White "Henschel, Anke"]
[Black "Specht, Maria"]
[Result "1-0"]
[WhiteElo "1991"]
[BlackElo "1936"]
[PlyCount "63"]
[EventDate "2009.11.07"]
[EventType "team"]
[EventCountry "GER"]
[WhiteTeam "SF Wadgassen/Differten"]
[BlackTeam "Schachges. Augsburg 1873"]

1. e4 c5 2. Nf3 d6 3. Bb5+ Nc6 4. O-O a6 5. Bxc6+ bxc6 6. Re1 e5 7. c3 Ne7 8.
d4 cxd4 9. cxd4 Bg4 10. dxe5 Ng6 11. exd6 Bxd6 12. h3 Bxf3 13. Qxf3 O-O 14. Bd2
Nh4 15. Qg4 f5 16. Qh5 fxe4 17. Rxe4 Nf5 18. Bc3 Qb6 19. Qg4 Rf7 20. Nd2 Nh6
21. Qe2 Raf8 22. Nf3 Bc5 23. Rf1 Nf5 24. Rg4 Re7 25. Ne5 Nh6 26. Rh4 Nf5 27.
Qc4+ Ref7 28. Nxf7 Rxf7 29. Rxh7 Bxf2+ 30. Rxf2 Nd6 31. Rxg7+ Kf8 32. Rgxf7+
1-0

[Event "FBL S"]
[Site "Deutschland"]
[Date "2009.11.08"]
[Round "2.5"]
[White "Nentwig, Nicole"]
[Black "Ley, Janine"]
[Result "1/2-1/2"]
[WhiteElo "1909"]
[BlackElo "1681"]
[PlyCount "118"]
[EventDate "2009.11.07"]
[EventType "team"]
[EventCountry "GER"]
[WhiteTeam "Schachges. Augsburg 1873"]
[BlackTeam "SF Wadgassen/Differten"]

1. e4 d6 2. d4 g6 3. Nf3 Bg7 4. c3 Nd7 5. Bc4 e6 6. O-O Ne7 7. Ng5 Nb6 8. Qf3
O-O 9. Bb3 d5 10. e5 Nc6 11. h4 f6 12. exf6 Qxf6 13. Qg3 e5 14. Ne4 Qf5 15. Nc5
exd4 16. Nd3 Ne5 17. Bc2 Nxd3 18. Bxd3 Qe5 19. f4 Qd6 20. Bd2 Bf5 21. Qf3 Rae8
22. Bxf5 Rxf5 23. Na3 dxc3 24. Bxc3 Qc5+ 25. Kh2 Bxc3 26. Qxc3 Qxc3 27. bxc3 c6
28. Rf3 Re4 29. Kg3 Rf7 30. Nc2 Rfe7 31. Nd4 Nc4 32. Nb3 Re3 33. Raf1 b6 34.
R1f2 Rxf3+ 35. Rxf3 Re3 36. Nd4 c5 37. Nc6 a5 38. Rxe3 Nxe3 39. Kf3 Nc4 40.
Ne7+ Kf7 41. Nxd5 b5 42. g4 Nd6 43. Ke3 h5 44. Kf3 Ke6 45. Nc7+ Kd7 46. Nd5 Ke6
47. Nc7+ Kf7 48. a3 b4 49. cxb4 cxb4 50. axb4 axb4 51. Nd5 b3 52. Nc3 Ke6 53.
f5+ gxf5 54. gxh5 Kf7 55. Kf4 b2 56. Ke5 Ne4 57. Nb1 Ng3 58. Kf4 Nxh5+ 59. Kxf5
Ng7+ 1/2-1/2

[Event "FBL S"]
[Site "Deutschland"]
[Date "2009.11.08"]
[Round "2.1"]
[White "Fuchs, Antje"]
[Black "Auburger, Kirstin"]
[Result "1-0"]
[WhiteElo "2141"]
[BlackElo "1885"]
[PlyCount "53"]
[EventDate "2009.11.07"]
[EventType "team"]
[EventCountry "GER"]
[WhiteTeam "TSV Zeulenroda"]
[BlackTeam "TSG Mutterstadt"]

1. e4 d5 2. exd5 Qxd5 3. Nc3 Qa5 4. Nf3 Nf6 5. Bc4 Bf5 6. O-O e6 7. d4 c6 8.
Bf4 Be7 9. a3 O-O 10. Qe2 Nd5 11. Nxd5 cxd5 12. Bd3 Bxd3 13. Qxd3 Rc8 14. Ng5
g6 15. Qh3 Bxg5 16. Bxg5 Nd7 17. Rae1 Qb6 18. c3 Qxb2 19. Rxe6 Rxc3 20. Re3
Rxe3 21. fxe3 Nb6 22. Rxf7 Kxf7 23. Qxh7+ Kf8 24. Qe7+ Kg8 25. Qe6+ Kg7 26.
Bf6+ Kh7 27. Qf7+ 1-0

[Event "FBL S"]
[Site "Deutschland"]
[Date "2009.11.08"]
[Round "2.2"]
[White "Roj, Michaela"]
[Black "Mucha, Annegret"]
[Result "0-1"]
[WhiteElo "1904"]
[BlackElo "2012"]
[PlyCount "174"]
[EventDate "2009.11.07"]
[EventType "team"]
[EventCountry "GER"]
[WhiteTeam "TSG Mutterstadt"]
[BlackTeam "TSV Zeulenroda"]

1. e4 c5 2. b3 Nc6 3. Nf3 d6 4. Bb2 e6 5. Bb5 Bd7 6. O-O Nf6 7. Nc3 Be7 8. d4
cxd4 9. Nxd4 O-O 10. Bxc6 bxc6 11. Re1 c5 12. Nf3 Bc6 13. Qe2 Qc7 14. Rad1 Rad8
15. h3 Rfe8 16. Nh2 d5 17. e5 Nd7 18. f4 c4 19. Nf3 Bc5+ 20. Kh2 Nb6 21. Nd4 a5
22. Ncb5 Bxb5 23. Nxb5 Qd7 24. a4 Bb4 25. Rf1 Rc8 26. Bd4 Na8 27. Qg4 g6 28.
Qg5 Be7 29. Qg3 cxb3 30. cxb3 Nc7 31. Nd6 Bxd6 32. exd6 Qxd6 33. Qg5 Qe7 34.
Qe5 f6 35. Qxf6 Qxf6 36. Bxf6 Na6 37. Bd4 Nc5 38. Bxc5 Rxc5 39. Rd3 Rec8 40.
Rfd1 Kf7 41. Kg3 Rc2 42. Re1 Rb2 43. Rde3 Rc6 44. Rf1 Kf6 45. Rf2 Rxf2 46. Kxf2
d4 47. Rd3 e5 48. fxe5+ Kxe5 49. Ke2 Ke4 50. Kd2 g5 51. Rg3 h6 52. Rg4+ Ke5 53.
Rg3 Rc5 54. Rd3 h5 55. Rg3 Ke4 56. Rf3 Rc6 57. Rg3 Rg6 58. Rf3 g4 59. hxg4 Rxg4
60. Rf2 Rg3 61. Kc2 h4 62. Re2+ Kd5 63. Rf2 Ke4 64. Re2+ Kf4 65. Rd2 Rc3+ 66.
Kd1 Ke4 67. Re2+ Kd5 68. Rf2 Rxb3 69. Rf5+ Kc4 70. Rxa5 Rb2 71. Rg5 Ra2 72. a5
Kd3 73. Ke1 Ra1+ 74. Kf2 Kd2 75. Rd5 d3 76. Rc5 Ra2 77. Rc4 Rc2 78. Rxh4 Kc1+
79. Kg3 d2 80. Rd4 d1=Q 81. Rxd1+ Kxd1 82. Kh3 Ke2 83. g4 Kf3 84. a6 Ra2 85. g5
Rxa6 86. Kh4 Kf4 87. Kh5 Kf5 0-1

[Event "FBL S"]
[Site "Deutschland"]
[Date "2009.12.05"]
[Round "3.2"]
[White "Dirmeier, Carolin"]
[Black "Heymann Lobzhanidze, Anna Luise"]
[Result "0-1"]
[WhiteElo "2030"]
[BlackElo "2085"]
[PlyCount "86"]
[EventDate "2009.11.07"]
[EventType "team"]
[EventCountry "GER"]
[WhiteTeam "FC Bayern München"]
[BlackTeam "SV 1920 Hofheim"]

1. e4 e5 2. Nf3 Nc6 3. d4 exd4 4. Nxd4 Bc5 5. Nxc6 Qf6 6. Qd2 dxc6 7. Bd3 Be6
8. Qf4 O-O-O 9. Nc3 Bd4 10. Qxf6 Nxf6 11. Ne2 Ng4 12. Nxd4 Rxd4 13. b3 Ne5 14.
Ke2 Nxd3 15. cxd3 Rhd8 16. Rd1 f5 17. Bb2 R4d7 18. f3 c5 19. Rac1 b6 20. h3 h5
21. Ke3 Kb7 22. Ke2 a5 23. Rd2 a4 24. bxa4 fxe4 25. fxe4 Bxa2 26. Ke3 Bb3 27.
a5 Ra8 28. axb6 cxb6 29. d4 c4 30. d5 b5 31. Kd4 b4 32. Rb1 Rc8 33. Rc1 Kb6 34.
Rf2 c3 35. Bxc3 Rc4+ 36. Kd3 Rdc7 37. Bd4+ Rxd4+ 38. Kxd4 Rxc1 39. Rf5 Rd1+ 40.
Ke5 Bc4 41. Rf8 b3 42. Rb8+ Ka5 43. Kd6 Bb5 0-1

[Event "FBL S"]
[Site "Deutschland"]
[Date "2009.12.05"]
[Round "3.3"]
[White "Zahn, Nicol"]
[Black "Niedermaier, Barbara"]
[Result "1/2-1/2"]
[WhiteElo "1960"]
[BlackElo "2003"]
[PlyCount "119"]
[EventDate "2009.11.07"]
[EventType "team"]
[EventCountry "GER"]
[WhiteTeam "SV 1920 Hofheim"]
[BlackTeam "FC Bayern München"]

1. e4 c5 2. Nf3 Nc6 3. d3 g6 4. g3 Bg7 5. Bg2 e6 6. O-O Nge7 7. c3 O-O 8. Be3
d6 9. Qd2 f5 10. Bh6 Bd7 11. Na3 Ne5 12. Bxg7 Kxg7 13. Ng5 h6 14. Nh3 fxe4 15.
dxe4 d5 16. f4 N5c6 17. Nf2 d4 18. Rad1 Rc8 19. Nc2 Qb6 20. b3 Rcd8 21. Kh1 Kh7
22. Nd3 Bc8 23. cxd4 cxd4 24. Rc1 a6 25. Na3 Qa5 26. Qb2 Nb4 27. Nxb4 Qxb4 28.
Nc4 Nc6 29. a3 Qb5 30. e5 Na5 31. Nxa5 Qxa5 32. b4 Qb6 33. Be4 Bd7 34. Qc2 Bc6
35. Bxc6 Rc8 36. Qe4 Rxc6 37. Rxc6 Qxc6 38. Qxc6 bxc6 39. Rd1 Rd8 40. Kg2 a5
41. Kf3 axb4 42. axb4 d3 43. Ke3 Rb8 44. Rxd3 Rxb4 45. Rc3 Rb6 46. h4 g5 47.
hxg5 hxg5 48. Kf3 Kg6 49. Kg4 gxf4 50. gxf4 Ra6 51. Rc4 Rb6 52. Rc1 Ra6 53. Rd1
c5 54. Rc1 Rc6 55. Rg1 Kf7 56. Kf3 Ra6 57. Rc1 Ra5 58. Rc4 Kg6 59. Rc1 Kf5 60.
Rc4 1/2-1/2